Documentos de trabajo (Registro nro. 8831)

Detalles MARC
000 -LEADER
fixed length control field 00953nas a2200277 454500
001 - CONTROL NUMBER
control field 39247
005 - DATE AND TIME OF LATEST TRANSACTION
control field 20260407193510.0
008 - FIXED-LENGTH DATA ELEMENTS--GENERAL INFORMATION
fixed length control field 260407s1981####ag###########|||spa#d
003 - CONTROL NUMBER IDENTIFIER
control field AR-UNSa-BCEJYS
040 ## - CATALOGING SOURCE
Original cataloging agency AR-UNSa-BCEJYS
Language of cataloging spa
Transcribing agency AR-UNSa-BCEJYS
080 ## - UNIVERSAL DECIMAL CLASSIFICATION NUMBER
Universal Decimal Classification number 338.1
Common auxiliary subdivision Situación económica. Ciclos. Desarrollo de la estructura económica
022 ## - INTERNATIONAL STANDARD SERIAL NUMBER
International Standard Serial Number 0326-9833
041 ## - LANGUAGE CODE
Language code of text/sound track or separate title spa
100 1# - MAIN ENTRY--PERSONAL NAME
Personal name Fundación de Investigaciones Económicas Latinoamericanas (FIEL)
245 10 - TITLE STATEMENT
Title Documentos de trabajo
264 #1 - PRODUCTION, PUBLICATION, DISTRIBUTION, MANUFACTURE, AND COPYRIGHT NOTICE
Place of production, publication, distribution, manufacture Buenos Aires :
Name of producer, publisher, distributor, manufacturer FIEL (Fundación de Investigaciones Económicas Latinoamericanas)
Date of production, publication, distribution, manufacture, or copyright notice 1981
310 ## - CURRENT PUBLICATION FREQUENCY
Current publication frequency Frecuencia: Irregular
590 ## - LOCAL NOTE (RLIN)
Local note niveau_biblio:s niveau_hierar:1
650 ## - SUBJECT ADDED ENTRY--TOPICAL TERM
Topical term or geographic name entry element Industria
650 ## - SUBJECT ADDED ENTRY--TOPICAL TERM
Topical term or geographic name entry element Privatización
650 ## - SUBJECT ADDED ENTRY--TOPICAL TERM
Topical term or geographic name entry element Macroeconomía
650 ## - SUBJECT ADDED ENTRY--TOPICAL TERM
Topical term or geographic name entry element ECONOMIA
650 ## - SUBJECT ADDED ENTRY--TOPICAL TERM
Topical term or geographic name entry element SECTOR AGRARIO
856 41 - ELECTRONIC LOCATION AND ACCESS
Uniform Resource Identifier <a href="https://www.biblioeco.unsa.edu.ar/pmb/images/revistas/R21645.jpg">https://www.biblioeco.unsa.edu.ar/pmb/images/revistas/R21645.jpg</a>
Link text Imagen de portada
Electronic format type image/jpeg
942 ## - ADDED ENTRY ELEMENTS (KOHA)
Koha item type
Existencias
Withdrawn status Lost status Damaged status Not for loan Home library Current library Shelving location Date acquired Serial enumeration / chronology Total checkouts Full call number Barcode Date last seen Price effective from Koha item type
        Biblioteca Prof. Eusebio Cleto del Rey Biblioteca Prof. Eusebio Cleto del Rey   01/04/2007 Nº 93 - abr. 2007   H338.1 TRA 93 R21645 10/04/2026 10/04/2026 Numero
        Biblioteca Prof. Eusebio Cleto del Rey Biblioteca Prof. Eusebio Cleto del Rey   01/03/1988 Nº 16 - mar. 1988   H338.1 TRA 16 R20297 10/04/2026 10/04/2026 Numero
        Biblioteca Prof. Eusebio Cleto del Rey Biblioteca Prof. Eusebio Cleto del Rey   01/03/1988 Nº 16 - mar. 1988   H338.1 TRA 16 Ej.2 R20298 10/04/2026 10/04/2026 Numero
        Biblioteca Prof. Eusebio Cleto del Rey Biblioteca Prof. Eusebio Cleto del Rey   01/12/1987 Nº 15 - dic. 1987   H338.1 TRA 15 R01739 10/04/2026 10/04/2026 Numero
        Biblioteca Prof. Eusebio Cleto del Rey Biblioteca Prof. Eusebio Cleto del Rey   01/12/1987 Nº 15 - dic. 1987   H338.1 TRA 15 Ej.2 R20296 10/04/2026 10/04/2026 Numero
        Biblioteca Prof. Eusebio Cleto del Rey Biblioteca Prof. Eusebio Cleto del Rey   01/04/1986 Nº 11 - abr. 1986   H338.1 TRA 11 R20301 10/04/2026 10/04/2026 Numero
        Biblioteca Prof. Eusebio Cleto del Rey Biblioteca Prof. Eusebio Cleto del Rey   01/11/1985 Nº 10 - nov. 1985   H338.1 TRA 10 R20300 10/04/2026 10/04/2026 Numero
        Biblioteca Prof. Eusebio Cleto del Rey Biblioteca Prof. Eusebio Cleto del Rey   01/12/1981 Nº 2 - dic. 1981   H338.1 TRA 2 R20299 10/04/2026 10/04/2026 Numero